| 000 | 004820000a22001810004500 | ||
|---|---|---|---|
| 041 | 0 | _aENG | |
| 082 | 0 | 4 | _aG 296.155 B8863t |
| 100 | 1 | _aBruce, Federico F. (Fyvie) (1910-) | |
| 245 | 1 | 0 | _aSecond thoughts on the dead sea scrolls / F. F. Bruce |
| 250 | _a2 | ||
| 260 | _aLondres, Inglaterra : Paternoster | ||
| 300 | _a160 Pag | ||
| 001 | 10007 | ||
| 942 | _cBK | ||
| 999 |
_c39779 _d39779 |
||
| 336 |
_atexto _btxt _2rdacontent |
||
| 337 |
_2rdamedia _asin mediación _bn |
||
| 338 |
_2rdacarrier _avolumen _bnc |
||